Quiz do Haiti - Statistics

Estatísticas Gerais
  • Esse quiz foi jogado 531 vezes
  • A pontuação média é 10 de 20
Estatísticas das Respostas
Dica Resposta % Correto
País fazendo fronteira com o Haiti Rep. Dominicana
94%
Tipo de desastre natural que matou mais de cem mil pessoas em 2010 Terremoto
90%
Mar onde o Haiti fica Caribe
89%
Línguas oficiais Francês
87%
Capital Porto Príncipe
84%
País que ocupou o Haiti, 1915-1934 Estados Unidos
75%
Línguas oficiais {Crioulo} Haitiano
73%
O acima está neste grupo insular Grandes {Antilhas}
61%
Ilha compartilhada com o acima São Domingos
52%
Religião africana que foi mesclado com crenças católicas Voodoo
41%
Fundador da primeira localidade europeia, La Navidad Cristóvão Colombo
38%
Pai e filho que foram ditadores do Haiti {Papa} Doc
38%
Pai e filho que foram ditadores do Haiti {Baby} Doc
29%
Líder da Revolução Haitiana Toussaint Louverture
25%
Nome colonial do Haiti Saint-{Domingue}
23%
Moeda oficial Gourde
21%
Cantor de "Fugees" que tentou ser presidente em 2010 Wyclef Jean
21%
Primeiro presidente eleito do Haiti Jean-Bertrand {Aristide}
19%
Ilha que foi um refúgio de piratas Tortuga
19%
Segunda maior cidade Cabo Haitiano
15%
Nenhum quiz correspondente encontrado
Distribuição das Pontuações
Porcentagem de Pessoas com Cada Pontuação
Percentil de Números Respondidos
Sua Pontuação Histórica
Você não jogou esse quiz